Quiz dos estados brasileiros - Paraíba - Statistics

Estatísticas Gerais
  • Esse quiz foi jogado 132 vezes
  • A pontuação média é 14 de 19
Estatísticas das Respostas
Dica Resposta % Correto
Capital João Pessoa
100%
3 cidade mais populosas João Pessoa
100%
Festa típica realizada em junho São João
97%
Palavra escrita na bandeira do estado nego
93%
3 cidade mais populosas Campina Grande
92%
Gênero musical comum na festa citada forró
92%
País que ocupou a região Holanda
89%
Produto que motivou a ocupação citada e ainda possui relevância econômica açúcar
82%
Prato feito com as entranhas de bode buchada
77%
No estado encontra-se o maior conjunto de pegadas desse grupo de animais extintos na América Latina dinossauro
77%
Cantora famosa prima do cantor citado Elba Ramalho
72%
Cantor de "Chão de Giz" e "A Dança das Borboletas" Zé Ramalho
69%
Dramaturgo autor de "Auto da Compadecida" Ariano Suassuna
67%
Principal rio do estado Paraíba
64%
3 cidade mais populosas Santa Rita
64%
Tipo de banditismo comum no passado do nordeste e imortalizado na obra do autor citado cangaço
60%
Presidente natural do estado Epitácio Pessoa
59%
Tipo de vestuário responsável por aprox. 42% das exportações do estado calçado
39%
Magnata das comunicações fundador da primeira emissora de TV do país Assis Chateaubriand
28%
Nenhum quiz correspondente encontrado
Distribuição das Pontuações
Porcentagem de Pessoas com Cada Pontuação
Percentil de Números Respondidos
Sua Pontuação Histórica
Você não jogou esse quiz